000 00529nam a22001817a 4500
005 20251108164828.0
008 250721s1999 xx 000 0 ara d
082 1 4 _a811.9565/عزا
100 1 _aالعزام، موسى الصحن
245 1 0 _aأبحث عن ملحمتي :
_bشعر /
264 1 _aأربد :
_bالمركز القومي للنشر،
_c1999.
300 _a134ص.
650 1 7 _aالشعر العربي
650 1 7 _aالعصر الحديث
650 1 7 _aالأردن
942 _2ddc
_cBK
999 _c15349
_d15349